[Event "TUR Cup"]
[Site "Denizli"]
[Date "2024.08.02"]
[Round "6"]
[White "Saricam, Ege"]
[Black "Bulgurlu, Okan"]
[Result "0-1"]
[WhiteElo "1794"]
[BlackElo "1964"]
[PlyCount "106"]
[EventDate "2024.07.30"]
[EventType "swiss"]
[EventRounds "11"]
[EventCountry "TUR"]
[SourceTitle "EXT 2025"]
[Source "ChessBase"]
[SourceDate "2024.10.14"]
[SourceVersion "1"]
[SourceVersionDate "2024.10.14"]
[SourceQuality "1"]

1. e4 d5 2. exd5 Qxd5 3. Nc3 Qd6 4. d4 Nf6 5. Nf3 a6 6. Be2 b5 7. Ne5 Bb7 8. Bf3 c6 9. Bf4 Qb4 10. Rb1 e6 11. a3 Qa5 12. b4 Qb6 13. 0-0 a5 14. bxa5 Qa6 15. Nd3 Bxa3 16. Ra1 Be7 17. Bc7 Nbd7 18. Na2 Qa7 19. Nab4 Rc8 20. Be5 Nxe5 21. dxe5 Nd5 22. Nxd5 cxd5 23. Qd2 0-0 24. Rfb1 Qd4 25. Ra2 Ba6 26. Qe3 Qxe3 27. fxe3 Rc4 28. Kf2 Rfc8 29. Ne1 f6 30. Be2 R4c5 31. Rab2 Rb8 32. Nd3 Rc3 33. Bg4 Kf7 34. Ke1 Ra3 35. exf6 gxf6 36. Bh5+ Kg7 37. Nf4 Rxe3+ 38. Kd2 Re4 39. Re1 Rxf4 40. Rxe6 Ba3 41. Rb3 Bc8 42. Rb6 Rxb6 43. axb6 Rd4+ 44. Ke3 Re4+ 45. Kd2 b4 46. c3 bxc3+ 47. Kd3 Bb4 48. Bf3 Bf5 49. Bxe4 Bxe4+ 50. Kd4 c2 51. Rxb4 c1Q 52. b7 Qg1+ 53. Kc3 d4+ 0-1

[Event "EU-ch U12 30th"]
[Site "Antalya"]
[Date "2022.11.11"]
[Round "6"]
[White "Vassis, Michail"]
[Black "Saricam, Ege"]
[Result "1-0"]
[WhiteElo "1816"]
[BlackElo "1541"]
[PlyCount "64"]
[EventDate "2022.11.06"]
[EventType "swiss"]
[EventRounds "9"]
[EventCountry "TUR"]
[SourceTitle "EXT 2024"]
[Source "ChessBase"]
[SourceDate "2023.10.10"]
[SourceVersion "1"]
[SourceVersionDate "2023.10.10"]
[SourceQuality "1"]

1. Nf3 Nf6 2. d4 g6 3. e3 Bg7 4. Be2 d6 5. b3 Nbd7 6. Bb2 0-0 7. c4 b6 8. 0-0 Bb7 9. Nc3 Ne4 10. Qc2 Nxc3 11. Bxc3 e5 12. d5 f5 13. b4 Qe7 14. Rfd1 h6 15. a4 g5 16. a5 g4 17. Nd2 Qg5 18. Qa4 Rad8 19. a6 Ba8 20. Qc2 c6 21. Qb3 cxd5 22. cxd5 Nf6 23. Nc4 Kh8 24. Na3 Ne4 25. Bf1 f4 26. Bd3 Nf6 27. e4 g3 28. h3 gxf2+ 29. Kxf2 f3 30. g3 Qh5 31. h4 Qg4 32. Re1 Nh5 1-0